1988 1311 1643 1891 1534 1294 1540 1032 1359 1747 1232 1470 1659 1130 1251 1182 1182 1052 1360 1062 1810 1990 1524 1148 1201 1018 1165 1665 1915 1410 1018 1404 1086 1026 1401 1340 1446 1561 1352 1854 1605 1988 1359 1593 1447 1439 1596 1666 1301 1129 1782 1914 1800 1199 1183 1706 1925 1558 1345 1558 1154 1257 1842 1434 1617 1845 1034 1627 1233 1987 1879 1205 1384 1087 1915 1521 1643 1821 1703 1627 1819 1718 1230 1687 1171 1881 1364 1854 1849 1477 1587 1832 1777 1713 1907 1799 1811 1577 1862 BCNSPRNW ULIB Ver.6.0+V

เปลี่ยนเป็นภาษาไทย

Change to English
 แสดงรายละเอียดบรรณานุกรม
  กลับหน้าหลัก

Brief Record : Get Marc (ISO 2709) : E-mail record : QR code < ปิดหน้าต่าง
LEADER : 00000nam 2200000uu 4500
001    13399121049
003     ULIB
008    020711s2551 th a 000 0 tha d
020    9789743891250
050    JQ1745.A1^bจ234ก
100    จักษ์ พันธ์ชูเพชร
245    การเมืองการปกครอง /^cจักษ์ พันธ์ชูเพชร
250    พิมพ์ครั้งที่ 6
260    ปธุมธานี :^bพันช์กรุ๊ป,^c2551
300    567 หน้า
650    การเมือง
650    การปกครอง
945    ^p265^l0^i18147
999    ^aทศพร เกษรทอง
รายการนี้ยังไม่มีแท็ก
คุณยังไม่ได้ล็อกอิน คุณสามารถมีกิจกรรมร่วมกับเว็บไซต์ได้ แต่ต้องล็อกอินก่อน ::
  ล็อกอิน

รายการสื่อสารสนเทศ

ลำดับที่ ประเภท เลขเรียก/บาร์โค้ด สถานที่ สถานะ
1. วิทยาศาสตร์การแพทย์ และสุขภาพ
วิทยาศาสตร์การแพทย์ และสุขภาพ
JQ1745.A1 จ234ก ฉ.1 
  Barcode: 18147
ห้องสมุดวิทยาเขตสวรรค์ประชารักษ์
►หนังสือทั่วไป
บนชั้น

รายการใกล้เคียง
    หัวเรื่อง [การเมือง]
    หัวเรื่อง [การปกครอง]

BibComment


ยังไม่เคยถูกคอมเมนท์

คอมเมนท์ทรัพยากรรายการนี้
  คอมเมนท์: การเมืองการปกครอง..


 Copyright 2026. Bcnsprnw @Library